000 00350 a2200157 4500
001 171547
020 _a978-85-16-08561-2
040 _cMagnum
100 _aRocha, Ruth
240 1 0 _aPalavras, muitas palavras...
_lpor
245 1 0 _aPalavras, muitas palavras...
300 _a53
362 0 _a2013
697 _aLITERATURA INFANTO
942 _cBK
999 _c171547
_d171547